| 000 | 00860cam a2200265 4500 | ||
|---|---|---|---|
| 001 | M1414 | ||
| 008 | 090401t1993 xxu||||| |||| 00| 0 eng d | ||
| 035 | _a(Sirsi) u31794 | ||
| 041 | _aeng | ||
| 050 | _a368.5 | ||
| 090 | _aRICS 1993/31ABCD | ||
| 110 |
_aRoyal Institution of Chartered Surveyors _94900 |
||
| 245 | _aReview of the compulsory professional indemnity insurance bye-law and regulations: 1992/93: recommendations for changes: final report. | ||
| 260 |
_aLondon _bRICS _c1993 |
||
| 300 | _a35p. ; 30cm. | ||
| 350 | _a0 | ||
| 650 | _aRICS BYE-LAWS | ||
| 650 | _aABOUT RICS-RICS MEMBERS | ||
| 650 | _aCOMPULSORY PROFESSIONAL INDEMNITY INSURANCE | ||
| 650 | _aPROFESSIONAL INDEMNITY INSURANCE | ||
| 690 | _aMANAGEMENT-BUSINESS MANAGEMENT-PROFESSIONAL PRACTICE | ||
| 700 |
_aMonk, Ron W. _xChairman |
||
| 942 | _n0 | ||
| 948 | _c04/03/1997 | ||
| 999 |
_c89627 _d89627 |
||